Old-Time Stories (Record no. 260686)
[ view plain ]
| 000 -LEADER | |
|---|---|
| fixed length control field | 01089cam a22002893a 4500 |
| 001 - CONTROL NUMBER | |
| control field | 31431 |
| 003 - CONTROL NUMBER IDENTIFIER | |
| control field | PGUSA |
| 005 - DATE AND TIME OF LATEST TRANSACTION | |
| control field | 20140828083659.0 |
| 008 - FIXED-LENGTH DATA ELEMENTS--GENERAL INFORMATION | |
| fixed length control field | 100227s2010||||xxu|||||s|||||000 | eng d |
| 040 ## - CATALOGING SOURCE | |
| Original cataloging agency | PGUSA |
| Language of cataloging | eng |
| 042 ## - AUTHENTICATION CODE | |
| Authentication code | dc |
| 050 #4 - LIBRARY OF CONGRESS CALL NUMBER | |
| Classification number | PZ |
| 100 1# - MAIN ENTRY--PERSONAL NAME | |
| Personal name | Perrault, Charles, |
| Dates associated with a name | 1628-1703 |
| 245 10 - TITLE STATEMENT | |
| Title | Old-Time Stories |
| Medium | [electronic resource] / |
| Statement of responsibility, etc | Charles Perrault |
| 260 ## - PUBLICATION, DISTRIBUTION, ETC. (IMPRINT) | |
| Name of publisher, distributor, etc | Project Gutenberg, |
| Date of publication, distribution, etc | 2010 |
| 505 0# - FORMATTED CONTENTS NOTE | |
| Formatted contents note | The sleeping beauty in the wood -- Puss in boots -- Little Tom Thumb -- The fairies -- Ricky of the tuft -- Cinderella -- Little Red Riding Hood -- Blue Beard -- Beauty and the beast -- The friendly frog -- Princess Rosette. |
| 506 ## - RESTRICTIONS ON ACCESS NOTE | |
| Terms governing access | Public domain in the USA. |
| 516 ## - TYPE OF COMPUTER FILE OR DATA NOTE | |
| Type of computer file or data note | Electronic text |
| 653 ## - INDEX TERM--UNCONTROLLED | |
| Uncontrolled term | Fairy tales -- France |
| 653 ## - INDEX TERM--UNCONTROLLED | |
| Uncontrolled term | Fairy tales |
| 653 ## - INDEX TERM--UNCONTROLLED | |
| Uncontrolled term | Children's stories, French -- Translations into English |
| 700 1# - ADDED ENTRY--PERSONAL NAME | |
| Personal name | Robinson, W. Heath |
| Fuller form of name | (William Heath), |
| Dates associated with a name | 1872-1944 |
| 700 1# - ADDED ENTRY--PERSONAL NAME | |
| Personal name | Johnson, A. E. |
| Fuller form of name | (Alfred Edwin), |
| Dates associated with a name | 1879- |
| 830 #0 - SERIES ADDED ENTRY--UNIFORM TITLE | |
| Uniform title | Project Gutenberg |
| Volume number/sequential designation | 31431 |
| 856 40 - ELECTRONIC LOCATION AND ACCESS | |
| Uniform Resource Identifier | <a href="http://www.gutenberg.org/ebooks/31431">http://www.gutenberg.org/ebooks/31431</a> |
| 942 ## - ADDED ENTRY ELEMENTS (KOHA) | |
| Koha item type | eBooks |
| Withdrawn status | Lost status | Damaged status | Home library | Current library | Date acquired | Total Checkouts | Date last seen | Price effective from | Koha item type |
|---|---|---|---|---|---|---|---|---|---|
| Project Gutenberg | Project Gutenberg | 08/28/2014 | 08/28/2014 | 08/28/2014 | eBooks |